000 00560nam a2200169Ia 4500
003 GCL
008 140319s9999 xx 000 0 ara d
040 _aGCL /
_cGCL
082 0 4 _a813.03
_bن ا
100 1 _aنجيب محفوظ
245 1 0 _aامام العرش : حوار مع رجال مصر من مينا حتى انور السادات (هدية من الاديب عبدالفتاح الجمل) /
_cنجيب محفوظ
300 _a208 ص
490 _a
650 0 4 _aالادب العربى
650 0 4 _aالقصص العربية
942 _2ddc
_cBK
999 _c38366
_d38366